ระเบียบงานคลังท้องถิ่น (ระเบียนเลขที่ 17104)
| 000 -LEADER | |
|---|---|
| fixed length control field | 01842nam a22003017a 4500 |
| 005 - DATE AND TIME OF LATEST TRANSACTION | |
| control field | 20240814174138.0 |
| 008 - FIXED-LENGTH DATA ELEMENTS--GENERAL INFORMATION | |
| fixed length control field | s2529 th tha d |
| 040 ## - CATALOGING SOURCE | |
| Original cataloging agency | NALT |
| 041 ## - LANGUAGE CODE | |
| Language code of text/sound track or separate title | tha |
| 090 ## - LOCALLY ASSIGNED LC-TYPE CALL NUMBER (OCLC); LOCAL CALL NUMBER (RLIN) | |
| Classification number (OCLC) (R) ; Classification number, CALL (RLIN) (NR) | KH15 ว358ร 2529 |
| 100 0# - MAIN ENTRY--PERSONAL NAME | |
| Personal name | วสันต์ ธีรานุรักษ์ |
| 245 10 - TITLE STATEMENT | |
| Title | ระเบียบงานคลังท้องถิ่น |
| 260 3# - PUBLICATION, DISTRIBUTION, ETC. | |
| Place of publication, distribution, etc. | กรุงเทพฯ : |
| Name of publisher, distributor, etc. | ธีรานุสรณ์การพิมพ์, |
| Date of publication, distribution, etc. | 2529 |
| 300 ## - PHYSICAL DESCRIPTION | |
| Extent | 151 หน้า ; |
| Other physical details | 26 ซม. |
| 650 04 - SUBJECT ADDED ENTRY--TOPICAL TERM | |
| Topical term or geographic name entry element | การคลังท้องถิ่น -- กฎหมายและระเบียบข้อบังคับ |
| 650 04 - SUBJECT ADDED ENTRY--TOPICAL TERM | |
| Topical term or geographic name entry element | ข้าราชการส่วนท้องถิ่น -- ค่าเช่าบ้าน (ระเบียบ) -- 2528 |
| 650 04 - SUBJECT ADDED ENTRY--TOPICAL TERM | |
| Topical term or geographic name entry element | ค่าเช่าบ้าน (ระเบียบ) -- 2528 |
| 650 04 - SUBJECT ADDED ENTRY--TOPICAL TERM | |
| Topical term or geographic name entry element | พัสดุ (ระเบียบ) -- 2528 |
| 650 04 - SUBJECT ADDED ENTRY--TOPICAL TERM | |
| Topical term or geographic name entry element | วิธีการงบประมาณ (ระเบียบ) -- 2528 |
| 650 04 - SUBJECT ADDED ENTRY--TOPICAL TERM | |
| Topical term or geographic name entry element | สุขาภิบาล -- การเงิน (ระเบียบ) -- 2518 -- แก้ไขเพิ่มเติม -- 2524 |
| 650 04 - SUBJECT ADDED ENTRY--TOPICAL TERM | |
| Topical term or geographic name entry element | สุขาภิบาล -- วิธีการงบประมาณ (ระเบียบ) -- 2528 |
| 650 04 - SUBJECT ADDED ENTRY--TOPICAL TERM | |
| Topical term or geographic name entry element | หน่วยราชการส่วนท้องถิ่น -- ค่าจ้าง (ระเบียบ) -- 2528 |
| 650 04 - SUBJECT ADDED ENTRY--TOPICAL TERM | |
| Topical term or geographic name entry element | หน่วยราชการส่วนท้องถิ่น -- พัสดุ (ระเบียบ) -- 2528 |
| 650 04 - SUBJECT ADDED ENTRY--TOPICAL TERM | |
| Topical term or geographic name entry element | เทศบาล -- วิธีการงบประมาณ (ระเบียบ) -- 2528 |
| 850 ## - HOLDING INSTITUTION | |
| Holding institution | NALT |
| 942 ## - ADDED ENTRY ELEMENTS (KOHA) | |
| Koha item type | Law Book |
| Source of classification or shelving scheme | Library of Congress Classification |
| 998 ## - LOCAL CONTROL INFORMATION (RLIN) | |
| -- | 25 |
| -- | นีลวัสน์ อินทรักษา |
| Withdrawn status | Lost status | Damaged status | Not for loan | Collection code | Home library | Current library | Total Checkouts | Full call number | Barcode | Date last seen | Price effective from | Koha item type |
|---|---|---|---|---|---|---|---|---|---|---|---|---|
| Law Book collection | National Assembly Library of Thailand | National Assembly Library of Thailand | KH 15 ว358ร 2529 | 3961134961 | 09/06/2017 | 09/06/2017 | Law Book |
